LEADER 01787nam a2200385 u 4500 001 000000001991 003 CaOOAMICUS 005 20070226104356.0 008 940514s1987 it u000 u ita u 020 $a8820915804 035 $a10049656 040 $aPUL(R)$bita 100 0 $aIohannes Paulus PP.$bII,$csanto,$d1920-2005.$0(OLS)http://pul/name/1830 245 14$aGli "Angelus" di Giovanni Paolo II verso il sinodo sul laicato. 260 $aCittà del Vaticano :$bLibreria editrice vaticana,$c1987. 300 $a51 p. ;$c21 cm 490 1 $aQuaderni de "L'Osservatore Romano" ;$v5 600 04$aIohannes Paulus PP.$bII,$cs.,$d1920-2005.$0(OLS)http://pul/subject/1393 610 24$aSynodus episcoporum$d(1987).$0(OLS)http://pul/subject/1873 830 0$aQuaderni de "L'Osservatore Romano" ;$v5.$0(OLS)http://pul/title/1262 850 $aPUL 852 $aPUL$W1$xSL Religione 1$y3$m62 L 32$j2638$nBK-PRI$b $qStampati$B2638$CPULBib$Z2$F2638 $H $81 900 $aWojtyla, Karol,$cs.,$d1920-2005$91830 900 $aGiovanni Paolo II,$cpapa, s.,$d1920-2005$91830 910 $aPapi (1978-2005 : Iohannes Paulus PP. II)$91830 910 $aPapi (1978-2005 : Iohannes Paulus PP. II)$91830 941 1 $a8 960 $aPapi (1978-2005 : Iohannes Paulus PP. II)$91393 960 $aPapi (1978-2005 : Iohannes Paulus PP. II)$91393 960 $aWojtyla, Karol,$d1920-2005$91393 960 $aGiovanni Paolo$bII,$cpapa, b.,$d1920-2005$91393 961 $aINV: 58652 996 $6020$a8820915804$9(OLS)http://pul/number/2639 996 $6245$aGli "Angelus" di Giovanni Paolo II verso il sinodo sul laicato$9(OLS)http://pul/title/2979 996 $6260$aCittà del Vaticano :$bLibreria editrice vaticana$9(OLS)http://pul/publisher/47920 LEADER 01465nam a2200301 a 4500 001 000000154811 003 CaOOAMICUS 005 20250502175740.0 008 161007n1957 xxc u000 u fre r 032 $aLibriCat 040 $aPUL$bita 100 1 $aVidal, Maurice,$cP.S.S.,$d1932-2021.$0(OLS)http://pul/name/42289 245 13$aLe Cardinal de Bérulle théologien marial : la doctrine de Marie Epouse / $cMauritius Vidal. 260 $aNicolet (Québec) :$bCentre Marial Canadien,$c1957. 300 $a67 p. ;$c22 cm. 502 $aDissertatio ad lauream in facultate S. Theologiae apud Pontificium Institutum Angelicum de Urbe. 1956. 504 $aBibliografia in nota a piè pagina. 600 14$aBérulle, Pierre de,$ccard.,$d1575-1629.$0(OLS)http://pul/subject/10090 650 4$aMariologia.$0(OLS)http://pul/subject/28018 710 2 $aPontificio Ateneo Angelicum.$bFacoltà di Teologia.$kTesi.$0(OLS)http://pul/name/97565 850 $aPUL 852 $aPUL$W1$xDP1 Tesi Pon. Univ. S. Tommaso$y44$mTH S.THOM TH162$j177779$qTesi$B180942$CPULBib$Z2$F180942 $H19406 $82 941 1 $a16 960 $aMaria Virgo,$cs.$928018 960 $aMaria Virgo,$cs.$928018 996 $6245$aLe Cardinal de Bérulle théologien marial : la doctrine de Marie Epouse / $9(OLS)http://pul/title/194448 996 $6260$aNicolet (Québec) :$bCentre Marial Canadien$9(OLS)http://pul/publisher/58263